000 00421 a2200181 4500
003 OSt
005 20180116182718.0
008 160502b xxu||||| |||| 00| 0 eng d
020 _a0131817698
040 _c0
082 _a658.8 KER 1995
100 _aKERIN, ROGER . A
245 _aSTRATEGIC MARKETING PROBLEMS
250 _a7TH
260 _aNEW DELHI
_c1995
300 _a738
942 _aNBS
_cBK
_k658.8 KER
_2ddc
999 _c344624
_d344624